South Eastern Kenya University

Library Online Public Access Catalogue


Approach to farming in Southern Rhodesia. (Record no. 18551)

MARC details
000 -LEADER
fixed length control field 00448nam a22001697a 4500
003 - CONTROL NUMBER IDENTIFIER
control field OSt
005 - DATE AND TIME OF LATEST TRANSACTION
control field 20250513094617.0
008 - FIXED-LENGTH DATA ELEMENTS--GENERAL INFORMATION
fixed length control field 250513b |||||||| |||| 00| 0 eng d
040 ## - CATALOGING SOURCE
Original cataloging agency SEKU
050 ## - LIBRARY OF CONGRESS CALL NUMBER
Classification number S 517
Item number .R5 T7 1953
100 ## - MAIN ENTRY--PERSONAL NAME
Personal name Tracey, L. T.
245 ## - TITLE STATEMENT
Title Approach to farming in Southern Rhodesia.
250 ## - EDITION STATEMENT
Edition statement 3d. ed.
260 ## - PUBLICATION, DISTRIBUTION, ETC. (IMPRINT)
Place of publication, distribution, etc. London,
Name of publisher, distributor, etc. University of London Press
Date of publication, distribution, etc. 1953
650 ## - SUBJECT ADDED ENTRY--TOPICAL TERM
Topical term or geographic name as entry element Agriculture.
Geographic subdivision Zimbabwe
942 ## - ADDED ENTRY ELEMENTS (KOHA)
Source of classification or shelving scheme Library of Congress Classification
Koha item type General circulation
Holdings
Withdrawn status Lost status Source of classification or shelving scheme Damaged status Not for loan Home library Current library Shelving location Date acquired Source of acquisition Total Checkouts Full call number Barcode Date last seen Price effective from Koha item type
    Library of Congress Classification     SEHSS - Library SEHSS - Library General Stacks 13/05/2025 Donation   S 517 .R5 T7 1953 2023/026227 13/05/2025 13/05/2025 General circulation
Kitui, Kenya.
+254736116989
library@seku.ac.ke